书目信息 |
| 题名: |
计算机组装与维护
|
|
| 作者: | 张子彪 , 曹誉竞 , 周雪梅 主编 | |
| 分册: | ||
| 出版信息: | 北京 中国原子能出版社 2020.08 |
|
| 页数: | 202页 | |
| 开本: | 26cm | |
| 丛书名: | ||
| 单 册: | ||
| 中图分类: | TP305 , TP306.3 | |
| 科图分类: | ||
| 主题词: | 电子计算机--dian zi ji suan ji--组装--高等教育--教材 , 计算机维护--ji suan ji wei hu--高等教育--教材 | |
| 电子资源: | ||
| ISBN: | 978-7-5221-0710-3 | |
| 000 | 01208nam0 2200325 450 | |
| 001 | 2353530373 | |
| 005 | 20231124145220.78 | |
| 010 | @a978-7-5221-0710-3@dCNY68.00 | |
| 099 | @aCAL 012021111598 | |
| 100 | @a20210929d2020 em y0chiy50 ea | |
| 101 | 0 | @achi |
| 102 | @aCN@b110000 | |
| 105 | @aak a 000yy | |
| 106 | @ar | |
| 200 | 1 | @a计算机组装与维护@Aji suan ji zu zhuang yu wei hu@f张子彪, 曹誉竞, 周雪梅主编 |
| 210 | @a北京@c中国原子能出版社@d2020.08 | |
| 215 | @a202页@c图@d26cm | |
| 320 | @a有书目 (第202页) | |
| 330 | @a本书系统地讲解了计算机基础知识及计算机维修维护的基本方法, 具体内容包括硬盘的分区与格式化、Windows操作系统的安装、Ghost工具的使用, 以及计算机硬件故障、软件故障、网络故障的现象及其解决方法等。 | |
| 333 | @a普通高等教育“计算机系列”精品教材 | |
| 410 | 0 | @12001 @a普通高等教育“计算机系列”精品教材 |
| 606 | 0 | @a电子计算机@Adian zi ji suan ji@x组装@x高等教育@j教材 |
| 606 | 0 | @a计算机维护@Aji suan ji wei hu@x高等教育@j教材 |
| 690 | @aTP305@v5 | |
| 690 | @aTP306.3@v5 | |
| 701 | 0 | @a张子彪@Azhang zi biao@4主编 |
| 701 | 0 | @a曹誉竞@Acao yu jing@4主编 |
| 701 | 0 | @a周雪梅@Azhou xue mei@4主编 |
| 801 | @aCN@b山东中教@c20231121 | |
| 905 | @aBZT@dTP305@e23 | |
| 计算机组装与维护/张子彪, 曹誉竞, 周雪梅主编.-北京:中国原子能出版社,2020.08 |
| 202页:图;26cm |
| 使用对象:普通高等教育“计算机系列”精品教材 |
| ISBN 978-7-5221-0710-3:CNY68.00 |
| 本书系统地讲解了计算机基础知识及计算机维修维护的基本方法, 具体内容包括硬盘的分区与格式化、Windows操作系统的安装、Ghost工具的使用, 以及计算机硬件故障、软件故障、网络故障的现象及其解决方法等。 |
| ● |
| 相关链接 |
|
|
|
正题名:计算机组装与维护
索取号:TP305/23
 
预约/预借
| 序号 | 登录号 | 条形码 | 馆藏地/架位号 | 状态 | 备注 |
| 1 | 2001044231 | 2001044231 | 中教第一批/山东中教(第一批)/661/ [索取号:TP305/23] | 在馆 | |
| 2 | 2001044232 | 2001044232 | 中教第一批/山东中教(第一批)/661/ [索取号:TP305/23] | 在馆 | |
| 3 | 2001044233 | 2001044233 | 中教第一批/山东中教(第一批)/661/ [索取号:TP305/23] | 在馆 | |
| 4 | 2001044234 | 2001044234 | 中教第一批/山东中教(第一批)/661/ [索取号:TP305/23] | 在馆 | |
| 5 | 2001044235 | 2001044235 | 中教第一批/山东中教(第一批)/661/ [索取号:TP305/23] | 在馆 | |
| 6 | 2001044236 | 2001044236 | 中教第一批/山东中教(第一批)/661/ [索取号:TP305/23] | 在馆 |